000 00697nam a2200205Ia 4500
999 _c43837
_d43837
001 10585
003 GE_BSU
005 20221116143924.0
008 181216s2003en xx |||||||||||||| ||eng||
020 _a033395727x
040 _cGE_BSU
080 _a338.22+811.111 G-62
100 _aGomm, Helena.
_915858
245 _aIn company pre-intermediate:Teacher's book /
_cHelena Gomm.
264 _aOxford :
_bMacmillan,
_c2003.
300 _a174 p.:
_b30 cm.
_cill.
653 _aIn company pre-intermediate:Teacher's book
653 _aკომპანიაში წინასწარი შუალედური: მასწავლებლის წიგნი
942 _cBK
_2udc